[Event "SVK-ch U12 Girls"]
[Site "Liptovsky Mikulas"]
[Date "2016.04.19"]
[Round "5"]
[White "Sivicekova, Barbora"]
[Black "Majerova, Ema"]
[Result "1-0"]
[WhiteElo "1000"]
[BlackElo "1000"]
[PlyCount "63"]
[EventDate "2016.04.16"]
[EventType "swiss"]
[EventRounds "9"]
[EventCountry "SVK"]
[SourceTitle "CBM 172 Extra"]
[Source "ChessBase"]
[SourceDate "2016.06.21"]
[SourceVersion "1"]
[SourceVersionDate "2016.06.21"]
[SourceQuality "1"]

1. e4 e5 2. Nf3 Bd6 3. Nc3 Nf6 4. Bc4 0-0 5. d3 c5 6. Be3 a6 7. 0-0 b5 8. Bd5 Nxd5 9. Nxd5 c4 10. dxc4 bxc4 11. Nc3 Re8 12. Qxd6 Re6 13. Qd5 Ra7 14. Nxe5 Bb7 15. Qd4 Rf6 16. Qxa7 d6 17. Qxb7 dxe5 18. Qd5 Rd6 19. Qxe5 h6 20. Qc5 Rg6 21. Qxc4 Qd7 22. h3 Qd8 23. Rad1 Nd7 24. Rd3 Qh4 25. Kh2 Qd8 26. Rfd1 Qb8+ 27. Kh1 Qd8 28. Rxd7 Qh4 29. Rd8+ Kh7 30. Qxf7 Rc6 31. R1d7 Rb6 32. Qxg7# 1-0

[Event "SVK-ch U12 Girls"]
[Site "Liptovsky Mikulas"]
[Date "2016.04.18"]
[Round "4"]
[White "Majerova, Ema"]
[Black "Krahulcova, Martina"]
[Result "0-1"]
[WhiteElo "1000"]
[BlackElo "1000"]
[PlyCount "60"]
[EventDate "2016.04.16"]
[EventType "swiss"]
[EventRounds "9"]
[EventCountry "SVK"]
[SourceTitle "CBM 172 Extra"]
[Source "ChessBase"]
[SourceDate "2016.06.21"]
[SourceVersion "1"]
[SourceVersionDate "2016.06.21"]
[SourceQuality "1"]

1. e3 e5 2. Nf3 Nc6 3. Be2 d5 4. 0-0 Nf6 5. d3 Bc5 6. e4 dxe4 7. dxe4 Qxd1 8. Rxd1 0-0 9. b3 Ng4 10. Nc3 Nxf2 11. Rd2 Nxe4+ 12. Kh1 Nxd2 13. Bxd2 Nd4 14. Nxd4 exd4 15. Ne4 Bb6 16. a4 Bf5 17. Ng5 Bxc2 18. Rf1 Bxb3 19. Rf4 Bxa4 20. Rh4 h6 21. Bd3 hxg5 22. Bh7+ Kh8 23. Rh5 Bd1 24. Rh3 Bg4 25. Rg3 Kxh7 26. Rxg4 Rfe8 27. Rxg5 Re2 28. Rh5+ Kg8 29. Bc3 dxc3 30. Rh3 Re1# 0-1